Validation for monte carlo simulation of characteristics of gamma spectrometer using HPGe GMX35P4-70 detector by MCNP5 and GEANT4 codes = Xác nhận hiệu lực mô hình mô phỏng đặc trưng hệ phổ kế gamma đầu dò bán dẫn siêu tinh khiết GMX35P4-70 với chương trình MCNP5 và GEANT4 /
Saved in:
| Main Author: | |
|---|---|
| Other Authors: | , , |
| Format: | Article |
| Language: | Vietnamese |
| Tags: |
Add Tag
No Tags, Be the first to tag this record!
|
| Institutions: | Thư viện Trường Đại học Đà Lạt |
|---|
| LEADER | 01109nam a2200253 4500 | ||
|---|---|---|---|
| 001 | DLU160177231 | ||
| 005 | ##20161019 | ||
| 040 | # | # | |a DLU |b vie |
| 041 | # | # | |a vie |
| 044 | # | # | |a vn |
| 100 | # | # | |a Truong Thi Hong Loan. |
| 245 | # | # | |a Validation for monte carlo simulation of characteristics of gamma spectrometer using HPGe GMX35P4-70 detector by MCNP5 and GEANT4 codes = |b Xác nhận hiệu lực mô hình mô phỏng đặc trưng hệ phổ kế gamma đầu dò bán dẫn siêu tinh khiết GMX35P4-70 với chương trình MCNP5 và GEANT4 / |c Truong Thi Hong Loan,...[và những người khác]. |
| 700 | # | # | |a Huynh Thi Yen Hong. |
| 700 | # | # | |a Truong Huu Ngan Thy. |
| 700 | # | # | |a Vu Ngoc Ba. |
| 773 | # | # | |t Tạp chí Khoa học Đại học Sư phạm TP. Hồ Chí Minh: Khoa học tự nhiên & công nghệ |g Số 3(81), 2016, tr. 27-33 |
| 920 | # | # | |a Phòng Tạp chí -- Trung tâm Thông tin - Thư viện Trường Đại học Đà Lạt |
| 900 | # | # | |a True |
| 911 | # | # | |a Hoàng Thị Huyền |
| 925 | # | # | |a G |
| 926 | # | # | |a A |
| 927 | # | # | |a BB |
| 980 | # | # | |a Thư viện Trường Đại học Đà Lạt |